| 000 | 00459nam a2200169 i 4500 | ||
|---|---|---|---|
| 001 | 44685 | ||
| 003 | ES-MaACL | ||
| 005 | 20230906161058.0 | ||
| 007 | t| | ||
| 008 | 030324s1973 xxu ||||1| spa d | ||
| 245 | 0 | 0 |
_a50 poetas modernos / _cPedro Roig. |
| 260 |
_aMiami (Florida) : _bEd. Universal, _c[1973] |
||
| 300 |
_a172 p. ; _c23 cm. |
||
| 700 | 1 |
_aRoig, Pedro. _999007 |
|
| 740 | 0 | _aCincuenta poetas modernos. | |
| 852 |
_aES-MaACL _jC-53300 _bR.86134 |
||
| 999 |
_c44685 _d44685 |
||